Statistics for Athletes by State

Click here to take the quiz!

General Stats

  • This quiz has been taken 40 times
  • The average score is 7 of 50

Answer Stats

AthleteSportState% Correct
LeBron JamesBasketballOhio
92%
Peyton ManningFootballLouisiana
56%
Lance ArmstrongCyclingTexas
52%
Larry BirdBasketballIndiana
44%
Muhammed AliBoxingKentucky
44%
Babe RuthBaseballMaryland
40%
Steve PrefontaineTrack and FieldOregon
36%
Tiger WoodsGolfCalifornia
28%
Magic JohnsonBasketballMichigan
24%
Michael JordanBasketballNew York
24%
Rabbit KekaiSurfingHawaii
20%
Jessie OwensTrack and FieldAlabama
16%
Jackie RobinsonBaseballGeorgia
16%
Dick ButkusFootballIllinois
16%
Byron WhiteFootballColorado
12%
Graham ZusiSoccerFlorida
12%
Jim RyunTrack and FieldKansas
12%
Andre AgassiTennisNevada
12%
Michael BradleySoccerNew Jersey
12%
Jim ThorpeMany SportsOklahoma
12%
Scott GomezHockeyAlaska
8%
Steve YoungFootballConnecticut
8%
Randy WhiteFootballDelaware
8%
Picabo StreetSkiingIdaho
8%
Rocky MarcianoBoxingMassachusetts
8%
Walter PaytonFootballMississippi
8%
Yogi BerraBaseballMissouri
8%
Dan MortensenRodeoMontana
8%
Richard PettyAuto RacingNorth Carolina
8%
Stan MusialBaseballPennsylvania
8%
Eric HeidenIce SkatingWisconsin
8%
Boyd DowlerFootballWyoming
8%
Charlie HickcoxSwimmingArizona
4%
Bill DickeyBaseballArkansas
4%
Shawn JohnsonGymnasticsIowa
4%
George YoungTrack and FieldNew Mexico
4%
Roger MarisBaseballNorth Dakota
4%
Billy MillsTrack and FieldSouth Dakota
4%
Merlin OlsenFootballUtah
4%
Gerry LindgrenTrack and FieldWashington
4%
Joan SamuelsonTrack and FieldMaine
0%
Lindsey VonnSkiingMinnesota
0%
Bob GibsonBaseballNebraska
0%
Jenny ThompsonSwimmingNew Hampshire
0%
Marvin BarnesBasketballRhode Island
0%
Joe JacksonBaseballSouth Carolina
0%
Wilma RudolphTrack and FieldTennessee
0%
Andrea LawrenceSkiingVermont
0%
Lawrence TaylorBaseballVirginia
0%
Mary Lou RettonGymnasticsWest Virginia
0%

Score Distribution

Percentile by Number Answered

Percent of People with Each Score

Your Score History

You have not taken this quiz